1700 1062 1219 1745 1483 1380 1462 1960 1580 1171 1165 1221 1652 1624 1886 1947 1960 1866 1665 1959 1433 1060 1249 1746 1967 1352 1992 1247 1328 1922 1593 1800 1878 1732 1276 1690 1029 1604 1771 1108 1266 1869 1034 1902 1989 1576 1691 1134 1040 1110 1557 1025 1550 1866 1979 1057 1435 1503 1042 1832 1227 1613 1783 1486 1613 1141 1396 1757 1797 1266 1596 1020 1250 1499 1929 1324 1738 1074 1683 1344 1157 1467 1653 1499 1845 1224 1088 1471 1769 1632 1300 1854 1892 1559 1488 1872 1389 1198 1562 BCNSPRNW ULIB Ver.6.0+V

เปลี่ยนเป็นภาษาไทย

Change to English
 แสดงรายละเอียดบรรณานุกรม
  กลับหน้าหลัก

Brief Record : Get Marc (ISO 2709) : E-mail record : QR code < ปิดหน้าต่าง
LEADER : 00000nam 2200000uu 4500
001    13399114303
003     ULIB
008    120321s2553||||th 000 0 tha d
020    ^a9786165000598
090    ^aนว.^bย236อ 2553
100 0  ^aยาใจ
245 00 ^aอุ่นรักละลายใจ/^cยาใจ
250    ^aพิมพ์ครั้งที่ 1
260    ^aกรุงเทพฯ :^bแจ่มใส,^c2553
300    ^a278 หน้า
710 1  ^aพิมพ์คำ
945    ^p180^l0^i16992
945    ^p180^l0^i19549
995    ^aกัณชพร
999    ^aใช้งานได้ทุกระบบ
รายการนี้ยังไม่มีแท็ก
คุณยังไม่ได้ล็อกอิน คุณสามารถมีกิจกรรมร่วมกับเว็บไซต์ได้ แต่ต้องล็อกอินก่อน ::
  ล็อกอิน

รายการสื่อสารสนเทศ

ลำดับที่ ประเภท เลขเรียก/บาร์โค้ด สถานที่ สถานะ
1. นวนิยาย
นวนิยาย
นว. ย236อ 2553  
  Barcode: 16992
ห้องสมุดวิทยาเขตสวรรค์ประชารักษ์
►นวนิยาย
บนชั้น
  ขอยืม
2. นวนิยาย
นวนิยาย
นว. ย236อ 2553 ฉ.2 
  Barcode: 19549
ห้องสมุดวิทยาเขตสวรรค์ประชารักษ์
►นวนิยาย
บนชั้น
  ขอยืม

รายการใกล้เคียง
    ผู้แต่ง [ยาใจ]

BibComment


ยังไม่เคยถูกคอมเมนท์

คอมเมนท์ทรัพยากรรายการนี้
  คอมเมนท์: อุ่นรักละลายใจ ย..


 Copyright 2026. Bcnsprnw @Library